Arrogance: Rescuing America from the Media Elite (Record no. 220531)
[ view plain ]
| 000 -LEADER | |
|---|---|
| fixed length control field | 01264nam a22002417a 4500 |
| 005 - DATE AND TIME OF LATEST TRANSACTION | |
| control field | 20211112092721.0 |
| 008 - FIXED-LENGTH DATA ELEMENTS--GENERAL INFORMATION | |
| fixed length control field | 211112b ||||| |||| 00| 0 eng d |
| 020 ## - INTERNATIONAL STANDARD BOOK NUMBER | |
| International Standard Book Number | 044653191X |
| 040 ## - CATALOGING SOURCE | |
| Transcribing agency | AL |
| 041 ## - LANGUAGE CODE | |
| Language code of text/sound track or separate title | eng |
| 082 ## - DEWEY DECIMAL CLASSIFICATION NUMBER | |
| Edition number | 23 |
| Classification number | 302.23 |
| Item number | BERA |
| 100 ## - MAIN ENTRY--PERSONAL NAME | |
| Personal name | GOLDBERG (Bernard) |
| 9 (RLIN) | 10262 |
| 245 ## - TITLE STATEMENT | |
| Title | Arrogance: Rescuing America from the Media Elite |
| 260 ## - PUBLICATION, DISTRIBUTION, ETC. | |
| Place of publication, distribution, etc. | New York |
| Name of publisher, distributor, etc. | Warner Books |
| Date of publication, distribution, etc. | 2003 |
| 300 ## - PHYSICAL DESCRIPTION | |
| Extent | viii,310 p. |
| Other physical details | HB |
| Dimensions | 23x15 cm. |
| 365 ## - TRADE PRICE | |
| Price amount | 26.95 |
| Currency code | £ |
| Unit of pricing | 26.95 |
| 520 ## - SUMMARY, ETC. | |
| Summary, etc. | Former CBS News correspondent Goldberg cites example after example of what he identifies as distorted reporting and asserts that these examples prove the pervasiveness of a liberal bias in the mainstream media. His credibility is diminished by a breathless, scattershot approach and sketchy documentation of examples (many taken out of context); but his points seem to be that attuned citizens will find such examples everywhere they look and that honest journalists should open their eyes. He includes a section of contact information for conservative organizations and think tanks. |
| 650 ## - SUBJECT ADDED ENTRY--TOPICAL TERM | |
| Topical term or geographic name entry element | Social Interraction |
| 9 (RLIN) | 10263 |
| 650 ## - SUBJECT ADDED ENTRY--TOPICAL TERM | |
| Topical term or geographic name entry element | Journalism |
| 9 (RLIN) | 10264 |
| 650 ## - SUBJECT ADDED ENTRY--TOPICAL TERM | |
| Topical term or geographic name entry element | Television Broadcasting of News |
| 9 (RLIN) | 10265 |
| 700 ## - ADDED ENTRY--PERSONAL NAME | |
| Personal name | GOLDBERG (Bernard) |
| 9 (RLIN) | 10262 |
| 942 ## - ADDED ENTRY ELEMENTS (KOHA) | |
| Source of classification or shelving scheme | Dewey Decimal Classification |
| Koha item type | George Fernandes Collections |
| Withdrawn status | Lost status | Source of classification or shelving scheme | Damaged status | Not for loan | Collection code | Home library | Current library | Date acquired | Total Checkouts | Full call number | Barcode | Date last seen | Price effective from | Koha item type |
|---|---|---|---|---|---|---|---|---|---|---|---|---|---|---|
| Dewey Decimal Classification | Journalism | St Aloysius Library | St Aloysius Library | 11/12/2021 | 302.23 BERA | GF03379 | 11/12/2021 | 11/12/2021 | George Fernandes Collections |